000 01415nam a2200325 i 4500
003 EG-GICUC
005 20260504215049.0
008 260504s1995 ua ||||fr|||| 000 0 ara d
040 _a EG-GICUC
_bara
_c EG-GICUC
_d EG-GICUC
_erda
041 0 _aara
082 0 4 _221
_a345
_bأ ح . ن
092 0 4 _221
099 _aLaw1 07 345 أ ح . ن [1995]
100 0 _aأحمد فتح الله أبوسكينة
_eمؤلف.
245 1 2 _aالنظرية العامة للإثراء بلاسبب في القانون الإداري :
_bدراسة مقارنة /
_cأحمد فتح الله أبو سكينة.
264 _a[القاهرة] :
_b[جامعة عين شمس]،
_c[1995].
300 _a492 صفحة، صفحات غير مرقمة ؛
_c24 سم.
336 _2rda content
_atext
337 _2rda media
_aComputer
338 _2rda carrier
_aOnline Resource
500 _aهذه الرسالة حصلت على تقدير جيد جدا مع مرتية الشرف، مع التبادل، مع الطبع على نفقة الجامعة.
504 _aببليوجرافيا: صفحات 453 - 482
504 _aيشتمل على إرجاعات ببليوجرافية.
546 _aالنص باللغة العربية
650 1 _aالقانون الإداري
_2qrmak
651 1 _2qrmak
856 4 0 _uhttps://fll.law.cu.edu.eg/fulltext/bks/B07-04946.pdf
905 _a62
942 _2ddc
_cBK
_e21
_n0
999 _c75489
_d75489